00322nam a2200121 a 450000500170000000800410001702000180005805000180007610000250009424500430011926000290016230000090019120140412111308.0110129s19uu xx 00 eng d a0-06-443017-0 aTR(PS EbGo59 aBrown, Margaret Wise aGoodnight moon /cMargaret Wise Brown. aU.S.A :bHarper and Row. aunp.